header

Mozart's The marriage of Figaro (Record no. 148582)

MARC details
000 -LEADER
fixed length control field 01648nam a2200397Ia 4500
100 1# - MAIN ENTRY--AUTHOR NAME
Personal name Mozart, Wolfgang Amadeus,
245 10 - TITLE STATEMENT
Title Mozart's The marriage of Figaro
260 ## - PUBLICATION, DISTRIBUTION, ETC. (IMPRINT)
Place of publication Coral Gables, FL :
Name of publisher Opera Journeys Pub.,
Year of publication c2001.
300 ## - PHYSICAL DESCRIPTION
Number of Pages 88 p. :
Other physical details music.
490 1# - SERIES STATEMENT
Series statement Opera Journeys libretto series
500 ## - GENERAL NOTE
General note Libretto by Lorenzo Da Ponte.
650 #0 - SUBJECT ADDED ENTRY--TOPICAL TERM
Topical Term Operas
700 1# - ADDED ENTRY--PERSONAL NAME
Personal name Fisher, Burton D.
Personal name Da Ponte, Lorenzo,
856 40 - ELECTRONIC LOCATION AND ACCESS
Uniform Resource Identifier http://site.ebrary.com/lib/rucke/Doc?id=10188439

No items available.

© 2026 Rongo University
Contact us: librarian | system librarian | Rongo university